pays de la famille royale ottomane - Statistiques

Statistiques générales
  • Ce quiz a été pris 89 fois
  • Le résultat moyen est 7 sur 14
Statistiques - réponses
Hint Réponse % Correct
L'Europe Grèce
78%
L'Europe Bulgarie
72%
L'Europe Serbie
70%
Europe / Asie Russie
67%
L'Europe Albanie
66%
L'Europe Roumanie
63%
L'Europe Ukraine
54%
L'Europe France
53%
L'Europe Italie
46%
Asie Géorgie
45%
L'Europe la bosnie
31%
Asie Inde
29%
L'Europe le kosovo
27%
Europe / Asie dinde
5%
Aucun quiz correspondant
Distribution des résultats
% des personnes avec chaque résultat
Percentile par nombre de réponses
Votre historique - résultats
Vous n’avez pas pris ce quiz